000 00638nam a2200229Ia 4500
003 OSt
005 20221007063236.0
006 a|||||r|||| 00| 0
007 ta
008 221006b |||||||| |||| 00| 0 eng d
024 _a2,598
037 _cTextual
040 _aFLL
_cFLL
_beng
041 _2eng
_aeng
082 _aX:95:Z2, J2.1
100 _aBarwell N. Au.
_9683358
245 0 _aLaw relating to service in India
260 _aBombay
_bOrient Longmans Ltd. India
_c1952
700 _a Kar S.S. Au.
_9683955
942 _hX:95:Z2, J2.1
_cTEXL
_2CC
999 _c1130783
_d1130783